Catálogo público

Principios de ciencia y tecnología de los cereales (Record no. 7222)

MARC details
000 -CABECERA
campo de control de longitud fija 01049nam a22003137a 4500
003 - IDENTIFICADOR DEL NÚMERO DE CONTROL
campo de control CHAP
005 - FECHA Y HORA DE LA ÚLTIMA TRANSACCIÓN
campo de control 20220329133518.0
008 - DATOS DE LONGITUD FIJA--INFORMACIÓN GENERAL
campo de control de longitud fija 971013s1991 r 00010 d
010 ## - NÚMERO DE CONTROL DE LA BIBLIOTECA DEL CONGRESO
Número de control de LC 7222
011 ## - ENLACE DEL NUMERO DE CONTROL DE LA BIBLIOTECA DEL CONGRESO [OBSOLETO]
Número de control de LC 8194
035 ## - NÚMERO DE CONTROL DEL SISTEMA
Número de control de sistema 7419
040 ## - FUENTE DE LA CATALOGACIÓN
Centro/agencia transcriptor CHAP
082 ## - NÚMERO DE LA CLASIFICACIÓN DECIMAL DEWEY
Número de clasificación 633.1
Número de documento/Ítem H6Y
100 00 - ENTRADA PRINCIPAL--NOMBRE DE PERSONA
Nombre de persona Hoseney, R. Carl.
9 (RLIN) 56405
245 ## - MENCIÓN DE TÍTULO
Título Principios de ciencia y tecnología de los cereales
260 ## - PUBLICACIÓN, DISTRIBUCIÓN, ETC.
Lugar de publicación, distribución, etc. Zaragoza :
Nombre del editor, distribuidor, etc. Acribia,
Fecha de publicación, distribución, etc. 1991
300 ## - DESCRIPCIÓN FÍSICA
Extensión 321 p.
Otras características físicas : ilus.
500 ## - NOTA GENERAL
Nota general 64-189
590 ## - NOTA LOCAL (RLIN)
Nota local BATCH-UPD
Procedencia (VM) [OBSOLETO] 10
Condición del los carretes individuales (VM) [OBSOLETO] 20130110
-- UCH01
-- 1138
590 ## - NOTA LOCAL (RLIN)
Nota local CONVERSION
Procedencia (VM) [OBSOLETO] 10
Condición del los carretes individuales (VM) [OBSOLETO] 20130109
-- UCH01
-- 1305
650 14 - PUNTO DE ACCESO ADICIONAL DE MATERIA--TÉRMINO DE MATERIA
Término de materia o nombre geográfico como elemento de entrada Cereales.
9 (RLIN) 21370
650 14 - PUNTO DE ACCESO ADICIONAL DE MATERIA--TÉRMINO DE MATERIA
Término de materia o nombre geográfico como elemento de entrada Cereales
Subdivisión general Procesado.
9 (RLIN) 21454
901 ## - ELEMENTOS DE DATOS A LOCAL LDA (RLIN)
a BK
942 ## - ELEMENTOS DE PUNTO DE ACCESO ADICIONAL (KOHA)
Tipo de ítem Koha Libro
949 ## - PROCESAMIENTO DE INFORMACIÓN LOCAL (OCLC)
a 633.1 H6Y
b BC
c LIBRO
d -101299
e LIBRO
f c.3
h 82594
i 7419
s i
t 172.00
949 ## - PROCESAMIENTO DE INFORMACIÓN LOCAL (OCLC)
a 633.1 H6Y
b BC
c LIBRO
d 33724000660171
e LIBRO
f c.4
g I.168152
h 87806
i 7419
s i
t 172.00
949 ## - PROCESAMIENTO DE INFORMACIÓN LOCAL (OCLC)
a 633.1 H6Y
b BC
c LIBRO
d 33724000660189
e LIBRO
f c.2
h 82593
i 7419
s i
t 156.00
949 ## - PROCESAMIENTO DE INFORMACIÓN LOCAL (OCLC)
a 633.1 H6Y
b BC
c LIBRO
d 33724002061934
e LIBRO
h 78047
i 7419
s i
t 172.00
Holdings
Estado de retiro Estado de pérdida Fuente del sistema de clasificación o colocación Estado dañado Restricciones de uso No para préstamo Código de colección Localización permanente Ubicación/localización actual Ubicación en estantería Fecha de adquisición Fuente de adquisición Información codificada de la localización en otra ubicación Total de préstamos Signatura topográfica completa Código de barras Fecha visto por última vez Número de copia Precio válido a partir de Tipo de ítem Koha Renovaciones totales Fecha del último préstamo
    Clasificación Universidad Autónoma de Chapingo   Préstamo 15 días   General Biblioteca Central Biblioteca Central Planta principal - Colección General 31/12/2019 I.168152 LIBRO   633.1 H6Y -101299 31/12/2019 c.3 31/12/2019 Libro    
    Clasificación Universidad Autónoma de Chapingo   Préstamo 15 días   General Biblioteca Central Biblioteca Central Planta principal - Colección General 31/12/2019   LIBRO 1 633.1 H6Y 33724002061934 10/04/2024   31/12/2019 Libro 1 23/02/2024
    Clasificación Universidad Autónoma de Chapingo   Préstamo 15 días   General Biblioteca Central Biblioteca Central Planta principal - Colección General 31/12/2019   LIBRO   633.1 H6Y 33724002561678 31/12/2019 c.2 31/12/2019 Libro    
    Clasificación Universidad Autónoma de Chapingo   Préstamo 15 días   General Biblioteca Central Biblioteca Central Planta principal - Colección General 31/12/2019   LIBRO   633.1 H6Y 33724002553702 31/12/2019 c.4 31/12/2019 Libro